| 000 | 00512cam a22001457a 4500 | ||
|---|---|---|---|
| 008 | 180718b2005 xxu||||| |||| 00| 0 eng d | ||
| 082 | _aA81x54 01/29PCA | ||
| 100 | _aCensus of India 2001 | ||
| 245 | _aAndhra Pradesh: primary census abstract | ||
| 260 |
_aDelhi _bThe Controller of Publications _c2005 |
||
| 300 | _a3v | ||
| 440 | _aCensus of India 2001. Series-29, Andhra Pradesh. | ||
| 500 | _aContents: v.1., Tables A5-A7. 751p.;v.2., Table 8. 677p.;v.3., Table 9. 677p. | ||
| 650 | _aAndhra Pradesh - Census | ||
| 999 |
_c490349 _d490349 |
||